01687nam a22002777a 4500003001000000005001700010007000300027008004100030015001200071020002200083040003400105044001300139080002000152100004900172245008900221250001100310260003400321300002800355490003000383520083800413521003901251650003201290655001901322655002201341700004601363AR-RoUNCS20260226093720.0ta160902s2015 ag a dr 000 f spa  aAR-2015 a978-987-504-136-3 aAR-BaBNbspacAR-RoUNCSeaacr aagcar-c1 a82-32(82)220161 aFalconi, María Inés,d1954-eautora4aut10aHoy no es mi día /cMaría Inés Falconi ; ilustración de tapa Sabrina Florio. a2a ed. aBuenos Aires :bQuipu,c2015. a175 p. :bil. ;c21 cm.0 aColección Zona Límite3 a«¿Alguna vez todo te salió tan mal que pensaste que el destino estaba en contra tuyo? Esos días donde todo parece al revés, y solo pensás en gritar: “¡HOY NO ES MI DÍA!”. Valen, Ana y Ezequiel, son tres adolescentes que empiezan mal el día en distintos lugares pero, cuyas historias se irán entrelazando de una forma inimaginable. Un viaje extraordinario y fantástico, una amistad en peligro, la elección entre ser como todos o defender sus ideales son solo algunas de las situaciones que deberán enfrentar los personajes de esta novela. María Inés Falconi, autora de la famosa saga para niños y adolescentes "Caídos del Mapa", nos acerca otra increíble historia llena de emoción y aventuras, rodeada de la problemática social actual que viven los adolescentes.»c(Descripción del editor).1 aEdad sugerida desde los 15 años. 72embneaLiteratura argentina 7aNovelas cortas 7aNovelas juveniles1 aFlorio, Sabrina,d1983-eilustradora4ill